000 00176nam a2200073Ia 4500
008 170524s9999 xx 000 0 und d
100 _aSINGH- A
245 0 _aLAW OF CONTRACTION IN INDIA
260 _bEXCEL BOOKS
999 _c7939
_d7939